Nuclear Pakistan seeking security & stability / (Record no. 522747)

000 -LEADER
fixed length control field 01497cam a22004215i 4500
001 - CONTROL NUMBER
control field 20469801
003 - CONTROL NUMBER IDENTIFIER
control field NUST
005 - DATE AND TIME OF LATEST TRANSACTION
control field 20190109053531.0
008 - FIXED-LENGTH DATA ELEMENTS--GENERAL INFORMATION
fixed length control field 180426s2018 pk b 001 0 eng
010 ## - LIBRARY OF CONGRESS CONTROL NUMBER
LC control number 2018306274
020 ## - INTERNATIONAL STANDARD BOOK NUMBER
International Standard Book Number 9789697813001
025 ## - OVERSEAS ACQUISITION NUMBER
Overseas acquisition number P-E-2018306274; 33
037 ## - SOURCE OF ACQUISITION
Source of stock number/acquisition Library of Congress -- Islamabad Overseas Office
038 ## - RECORD CONTENT LICENSOR
Staff Name Muhammad Ibrahim
040 ## - CATALOGING SOURCE
Original cataloging agency DLC
Language of cataloging eng
Transcribing agency DLC
Description conventions rda
042 ## - AUTHENTICATION CODE
Authentication code lcode
043 ## - GEOGRAPHIC AREA CODE
Geographic area code a-pk---
050 00 - LIBRARY OF CONGRESS CALL NUMBER
Classification number U264.5.P18
Item number N86 2018+
082 ## - DEWEY DECIMAL CLASSIFICATION NUMBER
Classification number 355
Author Mark NUC 2018
245 00 - TITLE STATEMENT
Title Nuclear Pakistan seeking security & stability /
Statement of responsibility, etc. edited by Naeem Salik.
264 #1 - PRODUCTION, PUBLICATION, DISTRIBUTION, MANUFACTURE, AND COPYRIGHT NOTICE
Place of production, publication, distribution, manufacture Islamabad :
Name of producer, publisher, distributor, manufacturer Center for International Strategic Studies,
Date of production, publication, distribution, manufacture, or copyright notice [ 2018]
300 ## - PHYSICAL DESCRIPTION
Extent xx, 270 pages ;
Dimensions 23 cm
336 ## - CONTENT TYPE
Content type term text
Content type code txt
Source rdacontent
337 ## - MEDIA TYPE
Media type term unmediated
Media type code n
Source rdamedia
338 ## - CARRIER TYPE
Carrier type term volume
Carrier type code nc
Source rdacarrier
490 0# - SERIES STATEMENT
Series statement CISS security series
504 ## - BIBLIOGRAPHY, ETC. NOTE
Bibliography, etc. note Includes bibliographical references and index.
650 #0 - SUBJECT ADDED ENTRY--TOPICAL TERM
Topical term or geographic name entry element Nuclear weapons
Geographic subdivision Pakistan.
9 (RLIN) 12988
650 #0 - SUBJECT ADDED ENTRY--TOPICAL TERM
Topical term or geographic name entry element Command and control systems
Geographic subdivision Pakistan.
9 (RLIN) 13003
650 #0 - SUBJECT ADDED ENTRY--TOPICAL TERM
Topical term or geographic name entry element Nuclear weapons
General subdivision Government policy
Geographic subdivision Pakistan.
9 (RLIN) 12989
650 #0 - SUBJECT ADDED ENTRY--TOPICAL TERM
Topical term or geographic name entry element National security
Geographic subdivision Pakistan.
9 (RLIN) 1620
651 #0 - SUBJECT ADDED ENTRY--GEOGRAPHIC NAME
Geographic name Pakistan
General subdivision Military policy.
9 (RLIN) 2426
700 1# - ADDED ENTRY--PERSONAL NAME
Personal name Salik, Naeem,
Relator term editor.
9 (RLIN) 13013
710 2# - ADDED ENTRY--CORPORATE NAME
Corporate name or jurisdiction name as entry element Center for International Strategic Studies (Islamabad, Pakistan)
9 (RLIN) 13014
906 ## - LOCAL DATA ELEMENT F, LDF (RLIN)
a 7
b ibc
c origode
d 3
e ncip
f 20
g y-gencatlg
942 ## - ADDED ENTRY ELEMENTS (KOHA)
Source of classification or shelving scheme
Koha item type Book
Holdings
Withdrawn status Lost status Source of classification or shelving scheme Damaged status Not for loan Collection code Permanent Location Current Location Shelving location Date acquired Total Checkouts Full call number Barcode Date last seen Price effective from Koha item type
            Centre for International Peace & Stability (CIPS) Centre for International Peace & Stability (CIPS) General Stacks 05/16/2018   355 NUC 2018 CIPSD0000474 01/09/2019 01/09/2019 Book
© 2023 Central Library, National University of Sciences and Technology. All Rights Reserved.